| 000 | 00398nam a22001457a 4500 | ||
|---|---|---|---|
| 005 | 20241202101632.0 | ||
| 008 | 241202b |||||||| |||| 00| 0 eng d | ||
| 020 | _a8185753458 | ||
| 050 |
_aPN87 _bCLA |
||
| 245 | _aCLASSICAL LITERARY THEORY AND CRITICISM | ||
| 260 |
_aNEW DELHI _bPENCRAFT INTERNATIONAL _c2001 |
||
| 300 | _a156p | ||
| 700 | _aEDITED BY DANI, A.P. ,MADGE V.M. | ||
| 942 |
_2lcc _cBK _n0 |
||
| 999 |
_c1885 _d1885 |
||